Čo nás (ešte) čaká a neminie? Výzvy pre psychológiu v detstve, dospelosti a v starobe zborník abstraktov z medzinárodnej konferencie Psychologický deň 2019, Areál SAV, Dúbravská cesta 9, Bratislava, 21.10.2019

Bibliographic Details
Corporate Author: Psychologický deň 2019 Bratislava (Author)
Other Authors: Blaho, Radoslav, 1985- (Editor), Bratská, Mária, 1949- (Editor), Farkašová, Eva (Editor)
Format: Conference Proceeding Book
Language:Slovak
Czech
PhysicalDescription:27 strán 30 cm
Published: Bratislava Vydavateľstvo STIMUL 2019
ISBN:9788081272479
Subjects:

MARC

LEADER 00000cam a2200000 4500
001 vtls011910705
003 SK-MaSNL
005 20260302060434.0
008 210701s2019 xo fra 100 0 slo
015 |a SNBA2021/02 
020 |a 9788081272479  |q (brožované) 
035 |a urn:nbn:sk:snk-am00fdqv 
035 |a urn:nbn:sk:snk-am3iq7h 
035 |a 48D38014-138B-44D9-8CCA-F895948104D0 
040 |a SNK  |b slo  |c SNK  |e rda 
041 0 |a slo  |a cze  |b eng 
044 |a xo  |c SK 
072 7 |a 159.92  |x Vývinová psychológia. Psychológia osobnosti  |2 konspekt 
080 |a 159.9  |2 2011 
080 |a 159.922.73  |2 2011 
080 |a 159.922.62  |2 2011 
080 |a 159.922.63  |2 2011 
080 |a (062.534)  |2 2011 
080 |a (048.3)  |2 2011 
111 2 |a Psychologický deň 2019  |d (2019 :  |c Bratislava)  |4 aut  |9 440757 
245 1 0 |a Čo nás (ešte) čaká a neminie? Výzvy pre psychológiu v detstve, dospelosti a v starobe  |b zborník abstraktov z medzinárodnej konferencie Psychologický deň 2019, Areál SAV, Dúbravská cesta 9, Bratislava, 21.10.2019  |c editori zborníka: Radoslav Blaho, Mária Bratská, Eva Farkašová 
264 1 |a Bratislava  |b Vydavateľstvo STIMUL  |c 2019 
300 |a 27 strán  |c 30 cm 
336 |a text  |b txt  |2 rdacontent 
337 |a bez média  |b n  |2 rdamedia 
338 |a zväzok  |b nc  |2 rdacarrier 
650 0 7 |a psychológia  |2 SNKPH  |9 807 
650 0 7 |a detstvo  |2 SNKPH  |9 3828 
650 0 7 |a Psychology  |2 SNKPHeng  |9 265291 
650 0 7 |a Childhood  |2 SNKPHeng  |9 310957 
650 0 7 |a dospelosť  |2 SNKPH  |9 30497 
650 0 7 |a Adulthood  |2 SNKPHeng  |9 319431 
650 0 7 |a Old age  |2 SNKPHeng  |9 318535 
650 0 7 |a staroba  |2 SNKPH  |9 13891 
655 7 |a zborníky konferencií  |2 SNKPH  |9 70153 
655 7 |a abstrakty  |2 SNKPH  |9 22516 
655 7 |a Proceedings of conferences  |2 SNKPHeng  |9 265791 
655 7 |a Abstracts  |2 SNKPHeng  |9 275616 
700 1 |a Blaho, Radoslav,  |d 1985-  |4 edt  |9 210189 
700 1 |a Bratská, Mária,  |d 1949-  |4 edt  |9 99590 
700 1 |a Farkašová, Eva  |4 edt  |9 219226 
919 |a 978-80-8127-247-9 
958 |a OND 
958 |a MI 
999 |c 1121266  |d 1123196 
952 |a SNK  |b SNK  |y PREZ  |7 0  |p 17A1413747  |o snkSB 95050  |i snk2020/666  |8 0  |0 0  |1 0  |4 0  |d 2020-01-14  |f 1  |l 0  |r 2025-05-15 00:00:00  |w 2026-02-24 
952 |a SNK  |b SNK  |y VYP  |7 0  |p 17A1413748  |o snkSB 95050 D1  |i snk2020/668  |8 0  |0 0  |1 0  |4 0  |d 2020-01-14  |l 0  |r 2026-02-24 18:31:22  |w 2026-02-24